<?xml version="1.0" encoding="UTF-8"?><?xml-stylesheet type="text/xsl" href="static/style.xsl"?><OAI-PMH xmlns="http://www.openarchives.org/OAI/2.0/" xmlns:xsi="http://www.w3.org/2001/XMLSchema-instance" xsi:schemaLocation="http://www.openarchives.org/OAI/2.0/ http://www.openarchives.org/OAI/2.0/OAI-PMH.xsd"><responseDate>2026-06-01T12:19:22Z</responseDate><request verb="GetRecord" identifier="oai:riuma.uma.es:10630/29139" metadataPrefix="marc">https://riuma.uma.es/rest/oai/request</request><GetRecord><record><header><identifier>oai:riuma.uma.es:10630/29139</identifier><datestamp>2026-02-03T11:34:26Z</datestamp><setSpec>com_10630_2254</setSpec><setSpec>col_10630_37953</setSpec></header><metadata><record xmlns="http://www.loc.gov/MARC21/slim" xmlns:dcterms="http://purl.org/dc/terms/" xmlns:doc="http://www.lyncode.com/xoai" xmlns:xsi="http://www.w3.org/2001/XMLSchema-instance" xsi:schemaLocation="http://www.loc.gov/MARC21/slim http://www.loc.gov/standards/marcxml/schema/MARC21slim.xsd">
   <leader>00925njm 22002777a 4500</leader>
   <datafield ind2=" " ind1=" " tag="042">
      <subfield code="a">dc</subfield>
   </datafield>
   <datafield ind2=" " ind1=" " tag="720">
      <subfield code="a">Mayorga-Vega, Daniel</subfield>
      <subfield code="e">author</subfield>
   </datafield>
   <datafield ind2=" " ind1=" " tag="720">
      <subfield code="a">Casado-Robles, Carolina</subfield>
      <subfield code="e">author</subfield>
   </datafield>
   <datafield ind2=" " ind1=" " tag="720">
      <subfield code="a">López-Fernández, Iván</subfield>
      <subfield code="e">author</subfield>
   </datafield>
   <datafield ind2=" " ind1=" " tag="720">
      <subfield code="a">Viciana-Ramírez, Jesus</subfield>
      <subfield code="e">author</subfield>
   </datafield>
   <datafield ind2=" " ind1=" " tag="260">
      <subfield code="c">2022</subfield>
   </datafield>
   <datafield ind2=" " ind1=" " tag="520">
      <subfield code="a">The main aim of the present study was to establish daily activity wristband-measured steps thresholds related to the recommendation of 60 minutes of moderate-to-vigorous physical activity daily in adolescents. The secondary aims of this study were twofold: (a) to establish daily activity wristband-measured total physical activity and moderate-to-vigorous physical activity thresholds; and (b) to examine the cross-validity of daily activity wristband-measured steps thresholds established in previous studies associated with the recommended 60 minutes per day of moderate-to-vigorous physical activity in adolescents.&#xd;
Following a cross-sectional design, 85 Spanish adolescents (including 56 females; aged 12–18 years old) from a public high school wore an ActiGraph GT3X+ accelerometer and four activity wristbands (Xiaomi Mi Band 2, Fitbit Alta HR, Polar A360 and Garmin Vivofit 4; non-dominant hand; index tests) for a day.&#xd;
A total of 38.8% of the adolescents met the moderate-to-vigorous physical activity recommendation. The results showed that the validity of the daily total step-based thresholds tended to be higher (e.g., AUC = 0.83–0.91, P &lt; 0.001) than those with total physical activity or moderate-to-vigorous physical activity (AUC = 0.66–0.88, P &lt; 0.01). The results of the cross-validity showed that the 10,000 step-per-day threshold had a high agreement (e.g., Xiaomi, P = 0.80; k = 0.58; Garmin, P = 0.82; k = 0.63).&#xd;
Activity wristband-measured total steps thresholds have a high validity for translating the daily moderate-to-vigorous physical activity recommendation, being more preferable than those with total physical activity or moderate-to-vigorous physical activity. A 10,000 step-per-day target seems to be a practical and adequate activity wristband-based threshold among adolescents. This knowledge may help policy makers to provide adequate daily activity wristband-measured step-based recommendations for adolescents.</subfield>
   </datafield>
   <datafield ind1="8" ind2=" " tag="024">
      <subfield code="a">Mayorga-Vega, D., Casado-Robles, C., López-Fernández, I., &amp; Viciana, J. (2022). Activity wristband-based physical activity recommendations in young people. Science &amp; Sports, 37(4), 303-315. https://doi.org/10.1016/j.scispo.2021.05.007</subfield>
   </datafield>
   <datafield ind1="8" ind2=" " tag="024">
      <subfield code="a">https://hdl.handle.net/10630/29139</subfield>
   </datafield>
   <datafield ind1="8" ind2=" " tag="024">
      <subfield code="a">https://doi.org/10.1016/j.scispo.2021.05.007</subfield>
   </datafield>
   <datafield tag="653" ind2=" " ind1=" ">
      <subfield code="a">Ejercicio fisico</subfield>
   </datafield>
   <datafield tag="653" ind2=" " ind1=" ">
      <subfield code="a">Electrónica - Aparatos e instrumentos</subfield>
   </datafield>
   <datafield ind2="0" ind1="0" tag="245">
      <subfield code="a">Activity wristband-based physical activity recommendations in young people</subfield>
   </datafield>
</record>
</metadata></record></GetRecord></OAI-PMH>